000
00289nam a22001337a 4500
008
170224b xxu||||| |||| 00| 0 eng d
020
_a
088167799
041
_a
eng
080
_a
617
100
_a
5
101
_a
SHK
245
_a
MICROSURGERY CERVICAL SPINE
_c
YOUNG.P.H
942
_2
udc
_c
BK
999
_c
6227
_d
6227